=LDR 00000nam 2200000 4500 =001 INLIS000000000000542 =005 20201119011020 =035 ##$$a 0010-061300000000542 =008 201119################g##########0#ind## =041 ##$$a Ind =082 ##$$a 301.2 =090 ##$$a 301.2 Ler m =100 1#$$a Lerner, Daniel =245 1#$$a Memudarnya masyarakat tradisionil. /$c Daniel Lerner; penerjemah Muljarto Tjokrowinoto =260 ##$$a Yogyakarta :$b Gajah Mada University Press,$c 1978 =300 ##$$a 398 hlm. ; $c 21 x 15 cm. =650 #4$$a Kebudayaan-Masyarakat =700 #$$a Cokrowinoto, Mulyanto =850 ##$$a NBPNMAT =084 ##$$a 301.2 LER m =990 ##$$a DW99001345 =990 ##$$a 00055425 =990 ##$$a 69/Pro-1980 =990 ##$$a 00055425 =990 ##$$a DW99001345 =990 ##$$a 69/Pro-1980 =990 ##$$a DW99001345 =990 ##$$a 00055425 =990 ##$$a 69/Pro-1980 =990 ##$$a 69/Pro-1980 =990 ##$$a DW99001345 =990 ##$$a 00055425